Hottest World Capitals Today, May 24 - Statistics

General Stats
  • This quiz has been taken 34 times
    23 since last reset
  • The average score is 12 of 21
Answer Stats
°C °F capital month
change
% Correct
34 93 Cairo +1
90%
41 106 New Delhi +3
90%
37 99 Abu Dhabi new
85%
34 93 Baghdad new
85%
44 111 Doha new
80%
38 100 Kuwait City new
80%
38 100 Riyadh new
80%
38 100 Muscat new
75%
36 97 Islamabad new
70%
44 111 Khartoum +3
70%
38 100 Manama new
65%
35 95 Dhaka -2
60%
34 93 Manila =
60%
41 106 Bamako +3
55%
41 106 N'Djamena -3
55%
38 100 Niamey -2
50%
34 93 Kuala Lumpur +1
35%
35 95 Belmopan +1
20%
35 95 Bissau -3
15%
37 99 Managua +3
15%
34 93 Bandar Seri Begawan +1
5%
No matching quizzes found
Score Distribution
Percent of People with Each Score
Percentile by Number Answered
Your Score History
You have not taken this quiz since the last reset